Sự đổi mới của thơ Việt Nam từ Nguyễn Khuyến đến Tản Đà /
Gardado en:
| Autor Principal: | |
|---|---|
| Formato: | Artigo |
| Idioma: | Vietnamese |
| Những chủ đề: | |
| Các nhãn: |
Engadir etiqueta
Sen Etiquetas, Sexa o primeiro en etiquetar este rexistro!
|
| Thư viện lưu trữ: | Thư viện Trường Đại học Đà Lạt |
|---|
| LEADER | 00826nam a2200277 4500 | ||
|---|---|---|---|
| 001 | DLU160174507 | ||
| 005 | ##20160106 | ||
| 040 | # | # | |a DLU |b vie |
| 041 | # | # | |a vie |
| 044 | # | # | |a vn |
| 100 | # | # | |a Phan Thị Hồng. |
| 245 | # | # | |a Sự đổi mới của thơ Việt Nam từ Nguyễn Khuyến đến Tản Đà / |c Phan Thị Hồng. |
| 653 | # | # | |a Đổi mới |
| 653 | # | # | |a Nguyễn Khuyến |
| 653 | # | # | |a Tản Đà |
| 653 | # | # | |a Thơ Việt Nam |
| 773 | # | # | |t Tạp chí Khoa học Đại học Đà Lạt |g Số 01(9), 2011, tr. 120-127 |
| 920 | # | # | |a Phòng Tạp chí -- Trung tâm Thông tin - Thư viện Trường Đại học Đà Lạt |
| 994 | # | # | |a DLU |
| 900 | # | # | |a True |
| 911 | # | # | |a Nguyễn Thị Mai Anh |
| 925 | # | # | |a G |
| 926 | # | # | |a A |
| 927 | # | # | |a BB |
| 980 | # | # | |a Thư viện Trường Đại học Đà Lạt |